| 000 | 01359naa a22003017a 4500 | ||
|---|---|---|---|
| 001 | BR8805936 | ||
| 003 | BR-BrBNA | ||
| 005 | 20240918181742.0 | ||
| 007 | ta | ||
| 008 | 230509b bl.||||| |||| 00| 0 por d | ||
| 040 |
_aBR-BrBNA _bpor _cBiblioteca Nacional de Agricultura |
||
| 041 | _a(Pt) | ||
| 072 |
_aE16; L01 _b5213 |
||
| 090 | _aE16 BR8805936 | ||
| 100 | 1 | _aPimentel, D.M. | |
| 100 | 1 | _aEcheverria, L.C. | |
| 100 | 1 | _aSoares, W.V. | |
| 245 | 1 | _aProducao de carne bovina em solos de baixa fertilidade do Brasil [cerrado] | |
| 260 | 3 |
_aCampo Grande, MS (Brasil): _c1979. |
|
| 500 | _aPimentel, D.M.; Souza, F.H.D. de; Soares, M.R.J.; Melo, H.J.H. de Coletanea dos seminarios tecnicos apresentados no Centro Nacional de Pesquisa de Gado de Corte durante o ano de 1978 Campo Grande, MS (Brasil): 1979. p. 48-73 (BR8805936-AM)E16 | ||
| 650 | _aGado de Corte | ||
| 650 | _aProdutividade | ||
| 650 | _aSistema de Producao | ||
| 650 | _aCerrado | ||
| 773 | 0 |
_tColetanea dos seminarios tecnicos apresentados no Centro Nacional de Pesquisa de Gado de Corte durante o ano de 1978 _aPimentel, D.M.; Souza, F.H.D. de; Soares, M.R.J.; Melo, H.J.H. de. Centro Nacional de Pesquisa de Gado de Corte, Campo Grande, MS (Brasil) _wE16 BR8805936 _gCampo Grande, MS (Brasil), 1979. p. 48-73 |
|
| 909 |
_a202404 _bLucia _c55 _dLucia Elande |
||
| 942 |
_cAM _2AGRIS |
||
| 999 |
_c326665 _d326665 |
||